[Event "España ch sub-18"]
[Site "Mondariz ESP"]
[Date "2005.09.30"]
[Round "6.5"]
[White "Rodriguez Fontecha, Marcos"]
[Black "Oms Fuentes, Lluis"]
[Result "0-1"]
[WhiteElo "2179"]
[BlackElo "2281"]
[PlyCount "62"]
[EventDate "2005.09.27"]
[EventType "swiss"]
[EventRounds "8"]
[EventCountry "ESP"]
[Source "lmi"]
[SourceDate "2005.10.03"]

1. d4 f5 2. Nf3 g6 3. Bf4 Nf6 4. e3 Bg7 5. c4 d6 6. Nc3 O-O 7. Be2 e6 8. Qc2
Nbd7 9. O-O h6 10. h4 b6 11. b4 Bb7 12. Rfd1 Ne4 13. Rac1 g5 14. hxg5 hxg5 15.
Bh2 a5 16. a3 axb4 17. axb4 Rf6 18. Nd2 Nxd2 19. Qxd2 Rh6 20. g4 Kf7 21. f3 Qh8
22. Bg3 Rh3 23. Kg2 fxg4 24. e4 Nf6 25. Rf1 Rxg3+ 26. Kxg3 Qh3+ 27. Kf2 g3+ 28.
Ke1 g2 29. Rg1 g4 30. f4 Nxe4 31. Nxe4 Bxe4 0-1

[Event "España ch sub-18"]
[Site "Mondariz ESP"]
[Date "2005.09.30"]
[Round "6.6"]
[White "Hidalgo Duque, Carlos"]
[Black "Rodriguez Gonzalez, Ignacio"]
[Result "1-0"]
[WhiteElo "2127"]
[BlackElo "2244"]
[PlyCount "87"]
[EventDate "2005.09.27"]
[EventType "swiss"]
[EventRounds "8"]
[EventCountry "ESP"]
[Source "lmi"]
[SourceDate "2005.10.03"]

1. d4 e6 2. c4 Nf6 3. Nf3 b6 4. g3 Bb7 5. Bg2 Be7 6. O-O O-O 7. Nc3 d5 8. b3 c5
9. Ne5 cxd4 10. Qxd4 Bc5 11. Qd1 Bd6 12. Nd3 Qc8 13. Nb5 Be7 14. cxd5 Bxd5 15.
Bxd5 Nxd5 16. Bb2 a6 17. Rc1 Qb7 18. Nd4 Nd7 19. e4 Nb4 20. Nxb4 Bxb4 21. Qe2
Rac8 22. a3 Be7 23. b4 b5 24. Nb3 Nb6 25. Qg4 g6 26. Qf4 Nc4 27. Na5 Nxa5 28.
Qe5 f6 29. Qxe6+ Kg7 30. bxa5 Rc4 31. e5 fxe5 32. Bxe5+ Bf6 33. Rxc4 bxc4 34.
Bxf6+ Rxf6 35. Qxc4 Qb2 36. Qb4 Qe2 37. Qd4 Qf3 38. Rb1 Kh6 39. Rb6 Rf5 40.
Rxa6 Qb7 41. Qe3+ Kh5 42. Rb6 Qd7 43. h3 Qd1+ 44. Kh2 1-0

[Event "España ch sub-18"]
[Site "Mondariz ESP"]
[Date "2005.09.30"]
[Round "6.7"]
[White "Gimeno Higueras, Roberto"]
[Black "Zamarbide Inarrea, Borja"]
[Result "1/2-1/2"]
[WhiteElo "2116"]
[BlackElo "2180"]
[PlyCount "66"]
[EventDate "2005.09.27"]
[EventType "swiss"]
[EventRounds "8"]
[EventCountry "ESP"]
[Source "lmi"]
[SourceDate "2005.10.03"]

1. e4 e6 2. d4 d5 3. Nc3 Bb4 4. e5 c5 5. a3 Ba5 6. b4 cxd4 7. Nb5 Bc7 8. f4 Bd7
9. Nxd4 Ne7 10. Bd3 a6 11. Ngf3 Nbc6 12. Be3 Nxd4 13. Nxd4 Nc6 14. Nf3 Bb6 15.
Qe2 Ne7 16. O-O Ba4 17. Qf2 Bxe3 18. Qxe3 Rc8 19. Nd4 Rc3 20. Rf3 Qc8 21. Bb5+
Bxb5 22. Qxc3 O-O 23. Nxb5 axb5 24. Qc5 Qxc5+ 25. bxc5 Rc8 26. Rc3 g5 27. Rb1
d4 28. Rd3 Rxc5 29. Rxd4 Nd5 30. g3 Kg7 31. fxg5 Rxc2 32. Rxd5 exd5 33. Rxb5
Rd2 1/2-1/2

[Event "España ch sub-18"]
[Site "Mondariz ESP"]
[Date "2005.09.30"]
[Round "6.8"]
[White "Hernandez Leon, Alberto"]
[Black "Fidalgo Fernandez, Javier"]
[Result "0-1"]
[WhiteElo "2067"]
[BlackElo "2166"]
[PlyCount "86"]
[EventDate "2005.09.27"]
[EventType "swiss"]
[EventRounds "8"]
[EventCountry "ESP"]
[Source "lmi"]
[SourceDate "2005.10.03"]

1. e4 c5 2. Nf3 e6 3. d4 cxd4 4. Nxd4 a6 5. Bd3 b5 6. a4 b4 7. c3 Bb7 8. O-O
Nc6 9. Nxc6 Bxc6 10. Be3 Nf6 11. Nd2 Be7 12. a5 Qb8 13. f4 Qb7 14. Qc2 Rc8 15.
h3 d5 16. e5 Nd7 17. Nb3 Bb5 18. Bxb5 Qxb5 19. Nd4 Qb8 20. Qa4 bxc3 21. bxc3
Rc4 22. Qc2 Qc7 23. Ne2 Bc5 24. Qd2 Bxe3+ 25. Qxe3 O-O 26. Rfb1 Rc5 27. Rb3 Rb8
28. Rb4 Rc8 29. Rba4 Rb5 30. Nd4 Rbb8 31. Rb4 h6 32. Ne2 Ra8 33. Qd2 Qd8 34.
Qa2 Rc5 35. Qa4 Rac8 36. Rb7 R5c7 37. Rb4 Nc5 38. Qa3 Ne4 39. Rc1 Qh4 40. Rb2
Qf2+ 41. Kh1 Qe3 42. Rbc2 Rc5 43. Qb4 Nf2+ 0-1

[Event "España ch sub-18"]
[Site "Mondariz ESP"]
[Date "2005.09.30"]
[Round "6.10"]
[White "Cabrera Trujillo, Jorge"]
[Black "Pazos Porta, Antonio"]
[Result "1-0"]
[WhiteElo "2059"]
[BlackElo "2144"]
[PlyCount "85"]
[EventDate "2005.09.27"]
[EventType "swiss"]
[EventRounds "8"]
[EventCountry "ESP"]
[Source "lmi"]
[SourceDate "2005.10.03"]

1. e4 c5 2. Nf3 e6 3. d4 cxd4 4. Nxd4 a6 5. Bd3 Nf6 6. O-O Qc7 7. c4 Nc6 8.
Nxc6 dxc6 9. Be3 e5 10. f3 Be6 11. Qe2 h5 12. Qf2 Nd7 13. Nc3 h4 14. Na4 h3 15.
g3 Be7 16. Nb6 Nxb6 17. Bxb6 Qd6 18. Rad1 c5 19. Ba5 Qd4 20. Bc3 Qxf2+ 21. Rxf2
Bg5 22. Bxe5 Be3 23. Bxg7 Rg8 24. Bf6 Kd7 25. Kf1 Bxf2 26. Kxf2 Kc6 27. g4 b5
28. cxb5+ axb5 29. a3 Bxg4 30. fxg4 Rxg4 31. e5 Raa4 32. Ke3 Rad4 33. e6 fxe6
34. Bxd4 cxd4+ 35. Kf3 Rg2 36. Rc1+ Kd6 37. Rc2 Rg5 38. Kf4 Rg2 39. Be4 Rxc2
40. Bxc2 Kd5 41. Bb3+ Kd6 42. Ke4 e5 43. Kf5 1-0

[Event "España ch sub-18"]
[Site "Mondariz ESP"]
[Date "2005.09.30"]
[Round "6.11"]
[White "Perez Felipe, Marcos Adrian"]
[Black "Villuendas Valero, Adrian"]
[Result "0-1"]
[WhiteElo "2141"]
[BlackElo "2109"]
[PlyCount "108"]
[EventDate "2005.09.27"]
[EventType "swiss"]
[EventRounds "8"]
[EventCountry "ESP"]
[Source "lmi"]
[SourceDate "2005.10.03"]

1. e4 e5 2. d4 exd4 3. Qxd4 Nc6 4. Qe3 Nf6 5. Bd2 Bb4 6. Nc3 O-O 7. O-O-O Re8
8. Bc4 d6 9. Nh3 Bxc3 10. Bxc3 Nxe4 11. Qf4 Nxc3 12. Qxf7+ Kh8 13. bxc3 Ne5 14.
Qf4 Rf8 15. Qxe5 Bxh3 16. Qg3 Bf5 17. Bd3 Qf6 18. Bxf5 Qxf5 19. Rd2 Rae8 20.
Qd3 Qc5 21. Qd4 Qa3+ 22. Kb1 Re5 23. Qc4 Rc5 24. Qb3 Qa5 25. Ka1 Rxc3 26. Rd5
Rc5 27. Rxc5 Qxc5 28. Rf1 b6 29. Kb1 Rf4 30. a3 h6 31. Re1 Qxf2 32. Re8+ Rf8
33. Rxf8+ Qxf8 34. Qd5 a5 35. g4 Qe7 36. Qf5 Kg8 37. Qc8+ Kh7 38. h4 Qf7 39. h5
g6 40. hxg6+ Kxg6 41. Kb2 Kg5 42. Kb1 Qf1+ 43. Kb2 Qf6+ 44. Kb1 Qf1+ 45. Kb2
Qf7 46. Kb1 d5 47. Kb2 Kf4 48. Kb1 Ke4 49. Qh8 Qg6 50. Qc8 Qf7 51. Qh8 Qe6 52.
Qh7+ Kf4 53. Qg7 c5 54. Kc1 Qe1+ 0-1

[Event "España ch sub-18"]
[Site "Mondariz ESP"]
[Date "2005.09.30"]
[Round "6.12"]
[White "Camon Botella, Marta"]
[Black "Senlle Caride, Miguel"]
[Result "0-1"]
[WhiteElo "1814"]
[BlackElo "1966"]
[PlyCount "78"]
[EventDate "2005.09.27"]
[EventType "swiss"]
[EventRounds "8"]
[EventCountry "ESP"]
[Source "lmi"]
[SourceDate "2005.10.03"]

1. e4 e5 2. Nf3 Nc6 3. Bc4 Nf6 4. d3 Be7 5. c3 O-O 6. O-O d6 7. Bb3 Bg4 8. Re1
Kh8 9. Nbd2 Nd7 10. Nf1 Nc5 11. Bc2 f5 12. exf5 Bxf5 13. h3 Bf6 14. Ng3 Bg6 15.
Be3 Ne6 16. Bb3 d5 17. d4 e4 18. Nh2 Bg5 19. Qg4 Nf4 20. h4 Bh6 21. f3 Be8 22.
fxe4 Bd7 23. Qd1 Qxh4 24. Bxf4 Bxf4 25. Ngf1 dxe4 26. Qe2 Rae8 27. Bc2 e3 28.
Nf3 Qh5 29. Qd3 Bf5 30. Qd1 Bg4 31. Qd3 Bxf3 32. gxf3 Qg5+ 33. Kh1 Qh4+ 34. Kg1
Qf2+ 35. Kh1 Qxf3+ 36. Kg1 Qg4+ 37. Kh1 Qh3+ 38. Kg1 Rf6 39. Qe2 Ree6 0-1

[Event "España ch sub-18"]
[Site "Mondariz ESP"]
[Date "2005.10.01"]
[Round "7.2"]
[White "Alsina Leal, Daniel"]
[Black "Garrido Dominguez, Jesus"]
[Result "1-0"]
[WhiteElo "2322"]
[BlackElo "2273"]
[PlyCount "71"]
[EventDate "2005.09.27"]
[EventType "swiss"]
[EventRounds "8"]
[EventCountry "ESP"]
[Source "lmi"]
[SourceDate "2005.10.03"]

1. e4 e5 2. Nf3 Nc6 3. Bb5 Nf6 4. d3 d6 5. c3 g6 6. O-O Bg7 7. Re1 O-O 8. Nbd2
a6 9. Ba4 b5 10. Bc2 Bb7 11. d4 Re8 12. d5 Nb8 13. b3 c6 14. c4 c5 15. a3 Nbd7
16. b4 Qc7 17. Bd3 a5 18. bxa5 Qxa5 19. cxb5 Qc3 20. Qc2 Nxd5 21. Bb2 Qxc2 22.
Bxc2 Nc7 23. a4 d5 24. exd5 Nxd5 25. Nc4 Nb4 26. Be4 Bxe4 27. Rxe4 f5 28. Re2
e4 29. Bxg7 Kxg7 30. Rd2 Nf6 31. Nfe5 Reb8 32. b6 Nfd5 33. Nd7 Re8 34. b7 Rad8
35. Nxc5 Nc7 36. Rad1 1-0

[Event "España ch sub-18"]
[Site "Mondariz ESP"]
[Date "2005.10.01"]
[Round "7.4"]
[White "Antoli Royo, Joaquin Miguel"]
[Black "Hidalgo Duque, Carlos"]
[Result "1-0"]
[WhiteElo "2305"]
[BlackElo "2127"]
[PlyCount "53"]
[EventDate "2005.09.27"]
[EventType "swiss"]
[EventRounds "8"]
[EventCountry "ESP"]
[Source "lmi"]
[SourceDate "2005.10.03"]

1. e4 c5 2. Nf3 d6 3. d4 cxd4 4. Nxd4 Nf6 5. Nc3 a6 6. Bg5 e6 7. f4 Be7 8. Qf3
Qc7 9. O-O-O Nbd7 10. g4 b5 11. Bxf6 Nxf6 12. g5 Nd7 13. f5 Nc5 14. f6 gxf6 15.
gxf6 Bf8 16. Rg1 h5 17. a3 Rb8 18. Rg7 b4 19. Nd5 exd5 20. exd5 Nd7 21. Ne6
fxe6 22. dxe6 Ne5 23. e7 Nxf3 24. exf8=Q+ Rxf8 25. Rxc7 bxa3 26. Re7+ Kd8 27.
Rxd6+ 1-0

[Event "España ch sub-18"]
[Site "Mondariz ESP"]
[Date "2005.10.01"]
[Round "7.5"]
[White "Alonso Fernandez, Marcos"]
[Black "Almeida Toledano, Daniel"]
[Result "0-1"]
[WhiteElo "2214"]
[BlackElo "2163"]
[PlyCount "130"]
[EventDate "2005.09.27"]
[EventType "swiss"]
[EventRounds "8"]
[EventCountry "ESP"]
[Source "lmi"]
[SourceDate "2005.10.03"]

1. d4 d5 2. Nf3 Nf6 3. c4 c6 4. Nc3 e6 5. Qb3 dxc4 6. Qxc4 b5 7. Qb3 Ba6 8. Qc2
b4 9. Na4 Qd5 10. g3 Bd6 11. Bg2 O-O 12. O-O Qc4 13. Qxc4 Bxc4 14. Re1 Nbd7 15.
Nd2 Bb5 16. b3 Rac8 17. e4 Be7 18. Nb2 e5 19. dxe5 Ng4 20. Ndc4 Bc5 21. Nd3
Bxc4 22. bxc4 Bb6 23. Bf4 Bd4 24. Rad1 Bc3 25. Bd2 Ngxe5 26. Nxb4 Bxd2 27. Rxd2
Nc5 28. a3 a5 29. Na2 Nb3 30. Rc2 Nd4 31. Rc3 Rb8 32. f4 Rb2 33. Nc1 Rc2 34.
Rxc2 Nxc2 35. Re2 Nd4 36. fxe5 Nxe2+ 37. Nxe2 Rd8 38. Kf2 Rd3 39. a4 c5 40. Bh3
Kf8 41. Nf4 Rc3 42. Bd7 Rxc4 43. Ke3 Rc2 44. Kd3 Rxh2 45. Kc4 Rc2+ 46. Kb5 c4
47. Nd5 c3 48. Kc4 Rg2 49. Kxc3 h5 50. Kc4 Rxg3 51. Kb5 h4 52. Nf4 g5 53. Nh5
Rd3 54. Nf6 h3 55. Nh7+ Kg7 56. Bxh3 Rxh3 57. Nxg5 Rg3 58. Nxf7 Kxf7 59. Kxa5
Rb3 60. Ka6 Ke6 61. a5 Kxe5 62. Ka7 Kd6 63. a6 Kc7 64. Ka8 Rb8+ 65. Ka7 Re8 0-1

[Event "España ch sub-18"]
[Site "Mondariz ESP"]
[Date "2005.10.01"]
[Round "7.6"]
[White "Fidalgo Fernandez, Javier"]
[Black "Cabrera Trujillo, Jorge"]
[Result "1-0"]
[WhiteElo "2166"]
[BlackElo "2059"]
[PlyCount "67"]
[EventDate "2005.09.27"]
[EventType "swiss"]
[EventRounds "8"]
[EventCountry "ESP"]
[Source "lmi"]
[SourceDate "2005.10.03"]

1. e4 c5 2. Nf3 d6 3. d4 cxd4 4. Nxd4 Nf6 5. Nc3 g6 6. Be3 Bg7 7. f3 O-O 8. Qd2
Nc6 9. O-O-O d5 10. h4 dxe4 11. h5 Nxh5 12. g4 Bxd4 13. gxh5 Be5 14. Qf2 Qa5
15. hxg6 Bxc3 16. gxh7+ Kh8 17. bxc3 Qa3+ 18. Kb1 Be6 19. c4 Rad8 20. Re1 Nb4
21. Bd4+ f6 22. Bb2 Qxa2+ 23. Kc1 Qa4 24. Rg1 Bf5 25. fxe4 Bxe4 26. Bh3 Qxc2+
27. Qxc2 Bxc2 28. Ba3 a5 29. Bxb4 axb4 30. Kxc2 b3+ 31. Kb1 e5 32. Re3 Rd4 33.
Be6 Rh4 34. Rg8+ 1-0

[Event "España ch sub-18"]
[Site "Mondariz ESP"]
[Date "2005.10.01"]
[Round "7.7"]
[White "Zamarbide Inarrea, Borja"]
[Black "Villuendas Valero, Adrian"]
[Result "0-1"]
[WhiteElo "2180"]
[BlackElo "2109"]
[PlyCount "86"]
[EventDate "2005.09.27"]
[EventType "swiss"]
[EventRounds "8"]
[EventCountry "ESP"]
[Source "lmi"]
[SourceDate "2005.10.03"]

1. e4 c5 2. Nc3 d6 3. f4 g6 4. Nf3 Bg7 5. Bb5+ Bd7 6. Bxd7+ Qxd7 7. d3 Nc6 8.
O-O Nh6 9. Nd5 e6 10. Ne3 O-O-O 11. c3 f5 12. Qa4 Nf7 13. Bd2 d5 14. exd5 exd5
15. Rac1 Rhe8 16. Nc2 Nd6 17. b4 b5 18. Qa6+ Qb7 19. Qxb7+ Nxb7 20. Na3 a6 21.
d4 c4 22. Ne5 Kc7 23. Be1 Bf6 24. Nb1 Nd6 25. Rf3 a5 26. a3 axb4 27. axb4 Ra8
28. Rh3 Re7 29. Nd2 Ne4 30. Nxe4 dxe4 31. Nxc6 Kxc6 32. Rc2 Ra1 33. Kf2 Kd5 34.
Ke2 Rea7 35. Kd2 R1a2 36. Rxa2 Rxa2+ 37. Ke3 Ra3 38. Kd2 g5 39. Rh6 gxf4 40.
Rxf6 Ra2+ 41. Kd1 e3 42. g3 f3 43. Rxf5+ Ke4 0-1

[Event "España ch sub-18"]
[Site "Mondariz ESP"]
[Date "2005.10.01"]
[Round "7.8"]
[White "Ivanovitch Balsinde, Nicolas"]
[Black "Rodriguez Fontecha, Marcos"]
[Result "1-0"]
[WhiteElo "2117"]
[BlackElo "2179"]
[PlyCount "59"]
[EventDate "2005.09.27"]
[EventType "swiss"]
[EventRounds "8"]
[EventCountry "ESP"]
[Source "lmi"]
[SourceDate "2005.10.03"]

1. e4 c6 2. d4 d5 3. exd5 cxd5 4. c4 Nf6 5. Nc3 Nc6 6. Nf3 Bg4 7. cxd5 Nxd5 8.
Qb3 Bxf3 9. gxf3 Nb6 10. d5 Nd4 11. Bb5+ Nd7 12. Qb4 Nxb5 13. Qxb5 g6 14. Bg5
h6 15. Bh4 Bg7 16. d6 g5 17. Bg3 Qb6 18. Qe2 O-O 19. dxe7 Rfe8 20. O-O Qe6 21.
Rfe1 Bxc3 22. bxc3 Qf5 23. Rad1 Nf6 24. Qd3 Qc5 25. Re5 Qc6 26. h4 g4 27. Qe3
Kh7 28. Rf5 gxf3 29. Rd6 Ng4 30. Rxf7+ 1-0

[Event "España ch sub-18"]
[Site "Mondariz ESP"]
[Date "2005.10.01"]
[Round "7.9"]
[White "Senlle Caride, Miguel"]
[Black "Gimeno Higueras, Roberto"]
[Result "1/2-1/2"]
[WhiteElo "1966"]
[BlackElo "2116"]
[PlyCount "84"]
[EventDate "2005.09.27"]
[EventType "swiss"]
[EventRounds "8"]
[EventCountry "ESP"]
[Source "lmi"]
[SourceDate "2005.10.03"]

1. e4 c6 2. d4 d5 3. Nd2 dxe4 4. Nxe4 Bf5 5. Ng3 Bg6 6. h4 h6 7. Nf3 Nd7 8. h5
Bh7 9. Bd3 Bxd3 10. Qxd3 Ngf6 11. Bd2 Qc7 12. O-O-O O-O-O 13. Qa3 Kb8 14. Ba5
b6 15. Bb4 Nd5 16. Bd2 e6 17. Qb3 c5 18. dxc5 Nxc5 19. Qc4 Rc8 20. Kb1 Be7 21.
Rhe1 Bf6 22. Ne4 Nxe4 23. Qxe4 Rhd8 24. Rc1 Qc4 25. Ne5 Qxe4 26. Rxe4 Bxe5 27.
Rxe5 Rc4 28. g3 Kb7 29. c3 Nf6 30. Kc2 Ng4 31. Re2 Nf6 32. Re5 Kc6 33. b3 Rc5
34. Rxc5+ bxc5 35. g4 Nd7 36. Bf4 e5 37. Bg3 f6 38. Rd1 Re8 39. Kd3 Kd5 40.
Ke3+ Ke6 41. Ke4 Rg8 42. f4 Rd8 1/2-1/2

[Event "España ch sub-18"]
[Site "Mondariz ESP"]
[Date "2005.10.01"]
[Round "7.10"]
[White "Rodriguez Gonzalez, Ignacio"]
[Black "Martinez Perez, Jorge"]
[Result "1-0"]
[WhiteElo "2244"]
[BlackElo "2030"]
[PlyCount "47"]
[EventDate "2005.09.27"]
[EventType "swiss"]
[EventRounds "8"]
[EventCountry "ESP"]
[Source "lmi"]
[SourceDate "2005.10.03"]

1. e4 d5 2. exd5 Qxd5 3. Nc3 Qd6 4. d4 Nf6 5. Nf3 a6 6. Bc4 b5 7. Bb3 Bb7 8.
O-O e6 9. Qe2 Be7 10. Bg5 Nbd7 11. Rad1 c5 12. dxc5 Qxc5 13. Rfe1 O-O 14. Bh4
Nb6 15. Ne5 Nfd5 16. Bxd5 Nxd5 17. Nxd5 Bxh4 18. Nd7 Qc6 19. Qg4 exd5 20. Nxf8
Qf6 21. Nd7 Bxf2+ 22. Kh1 Qxb2 23. Re2 Ba7 24. Rde1 1-0

[Event "España ch sub-18"]
[Site "Mondariz ESP"]
[Date "2005.10.02"]
[Round "8.2"]
[White "Antoli Royo, Joaquin Miguel"]
[Black "Alsina Leal, Daniel"]
[Result "1/2-1/2"]
[WhiteElo "2305"]
[BlackElo "2322"]
[PlyCount "91"]
[EventDate "2005.09.27"]
[EventType "swiss"]
[EventRounds "8"]
[EventCountry "ESP"]
[Source "lmi"]
[SourceDate "2005.10.03"]

1. e4 c5 2. Nf3 Nc6 3. Nc3 e5 4. Bc4 d6 5. d3 Be7 6. Nd2 Nf6 7. Nf1 O-O 8. Ne3
Be6 9. O-O Rb8 10. a4 Nb4 11. Ncd5 Nbxd5 12. exd5 Bc8 13. f4 exf4 14. Rxf4 Nd7
15. Nf5 Ne5 16. Nxe7+ Qxe7 17. Bd2 b6 18. Qh5 f6 19. Qe2 Bb7 20. Bb3 Qf7 21. c4
Rbe8 22. Qf1 a5 23. Bc2 Ba6 24. b3 Bc8 25. Bc3 Ng4 26. h3 Ne3 27. Qf2 Nxc2 28.
Qxc2 Re3 29. Re1 Rfe8 30. Rxe3 Rxe3 31. Qd2 Rg3 32. Kh2 Qg6 33. Re4 Bf5 34. Re3
Rxe3 35. Qxe3 h5 36. Be1 Bxd3 37. Bg3 Be4 38. Qf4 Kh7 39. h4 Qf5 40. Qxf5+ Bxf5
41. Bxd6 Bc2 42. Bc7 Bxb3 43. d6 Bxa4 44. Bxb6 Kg6 45. Bxa5 Kf5 46. Bb6 1/2-1/2

[Event "España ch sub-18"]
[Site "Mondariz ESP"]
[Date "2005.10.02"]
[Round "8.3"]
[White "Garrido Dominguez, Jesus"]
[Black "Fidalgo Fernandez, Javier"]
[Result "1-0"]
[WhiteElo "2273"]
[BlackElo "2166"]
[PlyCount "89"]
[EventDate "2005.09.27"]
[EventType "swiss"]
[EventRounds "8"]
[EventCountry "ESP"]
[Source "lmi"]
[SourceDate "2005.10.03"]

1. e4 c5 2. Nf3 e6 3. d4 cxd4 4. Nxd4 Nc6 5. Nc3 Qc7 6. Be3 a6 7. Bd3 b5 8.
Nxc6 Qxc6 9. O-O Bb7 10. Kh1 Nf6 11. f3 Bc5 12. Qe1 d6 13. a4 b4 14. Na2 Bxe3
15. Qxe3 Qc5 16. Qd2 a5 17. Bb5+ Ke7 18. c3 bxc3 19. Nxc3 Rhd8 20. Rac1 Qb6 21.
Ne2 Rac8 22. Nd4 Rc5 23. Nb3 Rxc1 24. Rxc1 Ra8 25. e5 dxe5 26. Nxa5 Qxa5 27.
Qxa5 Rxa5 28. Rc7+ Kf8 29. Rxb7 Nd5 30. Kg1 Ra8 31. g3 g5 32. Kf2 h5 33. b3 g4
34. Be2 f5 35. Bc4 gxf3 36. Kxf3 e4+ 37. Kf2 Ra5 38. h4 Nc3 39. Bxe6 e3+ 40.
Kxe3 Re5+ 41. Kd4 Rxe6 42. Kxc3 Re3+ 43. Kd4 Rxg3 44. a5 Rg6 45. Ke5 1-0

[Event "España ch sub-18"]
[Site "Mondariz ESP"]
[Date "2005.10.02"]
[Round "8.4"]
[White "Almeida Toledano, Daniel"]
[Black "Claros Egea, Christian"]
[Result "1/2-1/2"]
[WhiteElo "2163"]
[BlackElo "2210"]
[PlyCount "67"]
[EventDate "2005.09.27"]
[EventType "swiss"]
[EventRounds "8"]
[EventCountry "ESP"]
[Source "lmi"]
[SourceDate "2005.10.03"]

1. e4 c5 2. Nf3 d6 3. d4 cxd4 4. Nxd4 Nf6 5. Nc3 a6 6. g3 e6 7. Bg2 Be7 8. O-O
O-O 9. a4 Qc7 10. a5 Nbd7 11. Nb3 Rb8 12. Qe2 b6 13. axb6 Rxb6 14. Ra4 Nc5 15.
Nxc5 dxc5 16. f4 Bb7 17. f5 Bd6 18. b3 Be5 19. Bf4 Rb4 20. Qe3 Rd8 21. fxe6
fxe6 22. Bh3 Qd6 23. Bxe5 Qxe5 24. Rxb4 cxb4 25. Qb6 Re8 26. Qxb7 Qxc3 27. e5
Qxe5 28. Qxb4 Qh5 29. Bg2 Ng4 30. h3 Ne3 31. Rf2 Nxg2 32. Kxg2 Qd5+ 33. Kh2 e5
34. Qd2 1/2-1/2

[Event "España ch sub-18"]
[Site "Mondariz ESP"]
[Date "2005.10.02"]
[Round "8.5"]
[White "Villuendas Valero, Adrian"]
[Black "Oms Fuentes, Lluis"]
[Result "0-1"]
[WhiteElo "2109"]
[BlackElo "2281"]
[PlyCount "102"]
[EventDate "2005.09.27"]
[EventType "swiss"]
[EventRounds "8"]
[EventCountry "ESP"]
[Source "lmi"]
[SourceDate "2005.10.03"]

1. e4 g6 2. d4 Bg7 3. Nc3 d5 4. e5 h5 5. f4 Nh6 6. Nf3 Bg4 7. h3 Bf5 8. Be3 c6
9. Bd3 e6 10. Qd2 Nd7 11. O-O-O Bxd3 12. Qxd3 h4 13. Bf2 Nf5 14. Ne2 Qa5 15.
Kb1 Nb6 16. Be1 Qa4 17. g4 hxg3 18. Nxg3 Bh6 19. Nxf5 gxf5 20. Ng5 Qc4 21. Bf2
Bxg5 22. fxg5 Qxd3 23. cxd3 Nd7 24. h4 Rh5 25. Kc2 Ke7 26. Rdg1 Nf8 27. Rh2 Ng6
28. Kc3 c5 29. Rgh1 cxd4+ 30. Kxd4 Rc8 31. Be1 Kd7 32. Bc3 f4 33. Rf1 Rch8 34.
Be1 Rxg5 35. hxg5 Rxh2 36. Rf2 Rh4 37. Bd2 Rg4 38. Kc3 Rxg5 39. d4 Rg3+ 40. Kc2
f3 41. Kd3 Nh4 42. Ke3 Rg4 43. Rh2 Re4+ 44. Kd3 Nf5 45. Bc3 Rf4 46. Rf2 Ke8 47.
a4 Kf8 48. b3 Kg7 49. Bd2 Rxd4+ 50. Kc3 Re4 51. Rxf3 Rxe5 0-1

[Event "España ch sub-18"]
[Site "Mondariz ESP"]
[Date "2005.10.02"]
[Round "8.6"]
[White "Ivanovitch Balsinde, Nicolas"]
[Black "Alonso Fernandez, Marcos"]
[Result "1/2-1/2"]
[WhiteElo "2117"]
[BlackElo "2214"]
[PlyCount "52"]
[EventDate "2005.09.27"]
[EventType "swiss"]
[EventRounds "8"]
[EventCountry "ESP"]
[Source "lmi"]
[SourceDate "2005.10.03"]

1. Nf3 c5 2. e4 d6 3. d4 cxd4 4. Nxd4 Nf6 5. Nc3 a6 6. Bg5 e6 7. f4 Be7 8. Qf3
Qc7 9. O-O-O Nbd7 10. Bd3 b5 11. Rhe1 Bb7 12. Qg3 b4 13. Nd5 exd5 14. e5 dxe5
15. fxe5 Nh5 16. e6 Nxg3 17. exf7+ Kxf7 18. Rxe7+ Kg8 19. hxg3 Qxg3 20. Ne6 Qe5
21. Rf1 Nf8 22. Bf5 Bc8 23. Re8 Kf7 24. Re7+ Kg8 25. Re8 Kf7 26. Re7+ Kg8
1/2-1/2

[Event "España ch sub-18"]
[Site "Mondariz ESP"]
[Date "2005.10.02"]
[Round "8.7"]
[White "Gimeno Higueras, Roberto"]
[Black "Rodriguez Gonzalez, Ignacio"]
[Result "1-0"]
[WhiteElo "2116"]
[BlackElo "2244"]
[PlyCount "87"]
[EventDate "2005.09.27"]
[EventType "swiss"]
[EventRounds "8"]
[EventCountry "ESP"]
[Source "lmi"]
[SourceDate "2005.10.03"]

1. e4 e6 2. d4 d5 3. Nc3 Nf6 4. e5 Nfd7 5. f4 c5 6. Nf3 Nc6 7. Be3 cxd4 8. Nxd4
Bc5 9. Qd2 Bxd4 10. Bxd4 Nxd4 11. Qxd4 Qb6 12. O-O-O Qxd4 13. Rxd4 Nb6 14. g4
Ke7 15. h4 Bd7 16. Be2 Rac8 17. Rhd1 Bc6 18. Kb1 Nd7 19. Bf3 b5 20. Be2 Rb8 21.
a3 a6 22. Re1 Nb6 23. b3 Rhc8 24. Kb2 Be8 25. Bd3 Nc4+ 26. Ka2 Nxa3 27. Nxd5+
exd5 28. Kxa3 a5 29. Rxd5 b4+ 30. Kb2 a4 31. bxa4 Bxa4 32. Ra1 Bc6 33. Ra7+ Kf8
34. Rd6 Be8 35. f5 Ra8 36. Rb7 Rab8 37. Rxb8 Rxb8 38. Kb3 Bb5 39. Be4 Ke7 40.
g5 Rc8 41. f6+ gxf6 42. gxf6+ Ke8 43. Rb6 Rc3+ 44. Kb2 1-0

[Event "España ch sub-18"]
[Site "Mondariz ESP"]
[Date "2005.10.02"]
[Round "8.8"]
[White "Chalmeta Ugas, Ramon"]
[Black "Fidalgo Fernandez, Lucia"]
[Result "1-0"]
[WhiteElo "2191"]
[BlackElo "1904"]
[PlyCount "125"]
[EventDate "2005.09.27"]
[EventType "swiss"]
[EventRounds "8"]
[EventCountry "ESP"]
[Source "lmi"]
[SourceDate "2005.10.03"]

1. e4 c5 2. Nf3 e6 3. Nc3 Nc6 4. g3 d6 5. Bg2 Nf6 6. O-O Be7 7. d3 O-O 8. Ng5
d5 9. f4 a6 10. e5 Nd7 11. Nh3 f6 12. exf6 Nxf6 13. Re1 Bd6 14. Ng5 Re8 15. f5
Be5 16. fxe6 Bxe6 17. Nxe6 Rxe6 18. Bg5 Bd4+ 19. Kh1 Rxe1+ 20. Qxe1 Bxc3 21.
Qxc3 Qd6 22. Bxf6 gxf6 23. Rf1 Nd4 24. Qd2 Re8 25. c3 Nc6 26. Qf2 Kg7 27. Qf3
Re5 28. Qf4 Qe6 29. Qh4 Re1 30. Qf4 Rxf1+ 31. Qxf1 Qe5 32. Qd1 Ne7 33. Qg4+ Qg5
34. Qd1 Qe5 35. Qd2 Nf5 36. Bf3 b6 37. Kg2 d4 38. Qe2 Qxe2+ 39. Bxe2 Kf7 40.
Kf3 Ke6 41. Kf4 Nd6 42. cxd4 cxd4 43. Bf3 a5 44. Bc6 h6 45. Kg4 Kf7 46. Bd5+
Kg6 47. Kf4 Kg7 48. Be4 Kf7 49. Bf5 Kg7 50. Be6 Kg6 51. Kg4 Kg7 52. Kh5 Nb7 53.
Kg4 Nd6 54. Kf4 Kg6 55. Bd5 Kg7 56. h4 Kg6 57. g4 h5 58. g5 fxg5+ 59. hxg5 h4
60. Be6 a4 61. a3 b5 62. Bd7 Nf7 63. Be8 1-0

[Event "España ch sub-18"]
[Site "Mondariz ESP"]
[Date "2005.10.02"]
[Round "8.9"]
[White "Senlle Caride, Miguel"]
[Black "Pazos Porta, Antonio"]
[Result "0-1"]
[WhiteElo "1966"]
[BlackElo "2144"]
[PlyCount "62"]
[EventDate "2005.09.27"]
[EventType "swiss"]
[EventRounds "8"]
[EventCountry "ESP"]
[Source "lmi"]
[SourceDate "2005.10.03"]

1. e4 e6 2. d4 d5 3. Nd2 Nf6 4. e5 Nfd7 5. Bd3 c5 6. c3 Nc6 7. Ne2 cxd4 8. cxd4
f6 9. Nf4 Nxd4 10. Qh5+ Ke7 11. Ng6+ hxg6 12. exf6+ Nxf6 13. Qxh8 Kf7 14. O-O
e5 15. b3 Qa5 16. Bxg6+ Kxg6 17. Qxf8 Qc3 18. Rb1 Bh3 19. Qxa8 Ne2+ 20. Kh1
Bxg2+ 21. Kxg2 Nf4+ 22. Kh1 Qh3 23. Qe8+ Kh7 24. Rg1 Ng4 25. Rxg4 Qxg4 26. Qh5+
Qxh5 27. Bb2 Qe2 28. Rg1 Qxd2 29. Bxe5 Qxf2 30. Rxg7+ Kh6 31. Bxf4+ Kxg7 0-1